| 000 -LEADER |
| fixed length control field |
01791nam a22004577a 4500 |
| 001 - CONTROL NUMBER |
| control field |
17256401 |
| 003 - CONTROL NUMBER IDENTIFIER |
| control field |
OSt |
| 005 - DATE AND TIME OF LATEST TRANSACTION |
| control field |
20210227070623.0 |
| 008 - FIXED-LENGTH DATA ELEMENTS--GENERAL INFORMATION |
| fixed length control field |
120414r19991997nyuaf 000 0aeng d |
| 010 ## - LIBRARY OF CONGRESS CONTROL NUMBER |
| LC control number |
98092740 |
| 020 ## - INTERNATIONAL STANDARD BOOK NUMBER |
| International Standard Book Number |
9780345427052 |
| 020 ## - INTERNATIONAL STANDARD BOOK NUMBER |
| International Standard Book Number |
034542705X |
| 035 ## - SYSTEM CONTROL NUMBER |
| System control number |
(OCoLC)ocm40435387 |
| 040 ## - CATALOGING SOURCE |
| Original cataloging agency |
IWL |
| Language of cataloging |
eng |
| Transcribing agency |
IWL |
| Modifying agency |
OCL |
| -- |
XY4 |
| -- |
BAKER |
| -- |
BTCTA |
| -- |
OCLCG |
| -- |
MU3 |
| -- |
OCLCQ |
| -- |
DLC |
| 041 ## - LANGUAGE CODE |
| Language code of text/sound track or separate title |
eng |
| 042 ## - AUTHENTICATION CODE |
| Authentication code |
lccopycat |
| 050 00 - LIBRARY OF CONGRESS CALL NUMBER |
| Classification number |
CPB Box no. 1447 vol. 11 |
| 080 ## - UNIVERSAL DECIMAL CLASSIFICATION NUMBER |
| Universal Decimal Classification number |
821.111 |
| Item number |
R-66 |
| 100 1# - MAIN ENTRY--PERSONAL NAME |
| Personal name |
Roberts, Monty, |
| Dates associated with a name |
1935- |
| 245 14 - TITLE STATEMENT |
| Title |
The man who listens to horses / |
| Statement of responsibility, etc. |
Monty Roberts. |
| Remainder of title |
/ by: Ballantine Books |
| 250 ## - EDITION STATEMENT |
| Edition statement |
1st Ballantine Books edition |
| 260 ## - PUBLICATION, DISTRIBUTION, ETC. |
| Place of publication, distribution, etc. |
New York |
| Name of publisher, distributor, etc. |
Ballantine Books |
| Date of publication, distribution, etc. |
1999. |
| 300 ## - PHYSICAL DESCRIPTION |
| Extent |
xlii, 309 p., [16] p. of plates |
| Other physical details |
ill. |
| Dimensions |
18 cm. |
| 365 ## - TRADE PRICE |
| Price amount |
7.99 usd |
| 490 0# - SERIES STATEMENT |
| Series statement |
A Ballantine Book |
| 490 0# - SERIES STATEMENT |
| Series statement |
Ballantine Books |
| 490 0# - SERIES STATEMENT |
| Series statement |
Ballantine Non-Fiction |
| 500 ## - GENERAL NOTE |
| General note |
Originally published: New York : Random House, 1997. |
| 505 0# - FORMATTED CONTENTS NOTE |
| Formatted contents note |
Call of the wild horses -- Growing up with horses -- East of Eden -- Sand-castle syndrome -- Flag Is Up Farms regained -- Deer friends -- Invitation that changed my life -- When a racehorse's worst nightmare is a starting gate. |
| 520 ## - SUMMARY, ETC. |
| Summary, etc. |
This is the story of a young man that learns to communate with horses. |
| 600 10 - SUBJECT ADDED ENTRY--PERSONAL NAME |
| Personal name |
Roberts, Monty, |
| Dates associated with a name |
1935- |
| 650 #0 - SUBJECT ADDED ENTRY--TOPICAL TERM |
| Topical term or geographic name entry element |
Horses |
| General subdivision |
Behavior. |
| 650 #0 - SUBJECT ADDED ENTRY--TOPICAL TERM |
| Topical term or geographic name entry element |
English literature |
| 9 (RLIN) |
247 |
| 650 #0 - SUBJECT ADDED ENTRY--TOPICAL TERM |
| Topical term or geographic name entry element |
Horses |
| General subdivision |
Training. |
| 650 #0 - SUBJECT ADDED ENTRY--TOPICAL TERM |
| Topical term or geographic name entry element |
Human-animal communication. |
| 653 ## - INDEX TERM--UNCONTROLLED |
| Uncontrolled term |
ინგლისური ლიტერატურა |
| 710 2# - ADDED ENTRY--CORPORATE NAME |
| Corporate name or jurisdiction name as entry element |
Copyright Paperback Collection (Library of Congress) |
| Institution to which field applies |
DLC |
| 906 ## - LOCAL DATA ELEMENT F, LDF (RLIN) |
| a |
7 |
| b |
cbc |
| c |
copycat |
| d |
2 |
| e |
ncip |
| f |
20 |
| g |
y-genrareb |
| 942 ## - ADDED ENTRY ELEMENTS (KOHA) |
| Source of classification or shelving scheme |
|
| Koha item type |
Books |
| Edition |
1 |